Измайловский полк (Запись № 13659197)

Подробности
000 -МАРКЕР
контрольное поле 02069nam0a2200421 4500
001 - ИДЕНТИФИКАТОР ЗАПИСИ
контрольное поле RU\NLR\BIBL_A\022238974
005 - ИДЕНТИФИКАТОР ВЕРСИИ
контрольное поле 20260420010459.0
010 ## - МЕЖДУНАРОДНЫЙ СТАНДАРТНЫЙ НОМЕР КНИГИ (ISBN)
Номер (ISBN) 978-5-7422-8362-1
Тираж 102
021 ## - НОМЕР ГОСУДАРСТВЕННОЙ РЕГИСТРАЦИИ
Код страны Российская Федерация
Номер КН-П-24-023636
Номер Листа государственной регистраци КН-П-24-2445
035 ## - ДРУГИЕ СИСТЕМНЫЕ НОМЕРА
Идентификатор записи (NLR Aleph) 022238974
100 ## - ДАННЫЕ ОБЩЕЙ ОБРАБОТКИ
Данные общей обработки 20240531d2023 u y0rusy50 ca
101 0# - ЯЗЫК РЕСУРСА
Язык текста, звукозаписи и т.д. русский
102 ## - СТРАНА ПУБЛИКАЦИИ ИЛИ ПРОИЗВОДСТВА
Страна публикации Российская Федерация
105 ## - ПОЛЕ КОДИРОВАННЫХ ДАННЫХ: ТЕКСТОВЫЕ МАТЕРИАЛЫ, МОНОГРАФИЧЕСКИЕ
Кодированные данные о монографическом текстовом документе ac||z|||000yd
181 #0 - ПОЛЕ КОДИРОВАННЫХ ДАННЫХ: ВИД СОДЕРЖАНИЯ
Код вида содержания (ISBD) i3
Код характеристики содержания (ISBD) axxe
181 #0 - ПОЛЕ КОДИРОВАННЫХ ДАННЫХ: ВИД СОДЕРЖАНИЯ
Код вида содержания (ISBD) b1
Код характеристики содержания (ISBD) xb2e
182 #0 - ПОЛЕ КОДИРОВАННЫХ ДАННЫХ: ТИП СРЕДСТВА
Код типа средства (ISBD) n - непосредственное
200 1# - ЗАГЛАВИЕ И СВЕДЕНИЯ ОБ ОТВЕТСТВЕННОСТИ
Основное заглавие Измайловский полк
Сведения, относящиеся к заглавию судьбы людские, 1812 год
Первые сведения об ответственности Дмитрий Борисович Леонтьев
203 ## - ВИД СОДЕРЖАНИЯ И ТИП СРЕДСТВА
Вид содержания Текст
-- Изображение
Дополнительные сведения об издании визуальные
Тип средства непосредственные
210 ## - ПУБЛИКАЦИЯ, РАСПРОСТРАНЕНИЕ И ДР.
Место издания, распространения и т.д. Санкт-Петербург
Имя издателя, распространителя и т. д. Политех-Пресс
Дата издания, распространения и т.д. 2023
215 ## - ФИЗИЧЕСКАЯ ХАРАКТЕРИСТИКА
Специфическое обозначение материала и объем 183, [4] с.
Другие сведения о физической характеристике цв. ил., портр.
Размеры 26
601 02 - НАИМЕНОВАНИЕ ОРГАНИЗАЦИИ КАК ПРЕДМЕТ
Начальный элемент ввода Измайловский лейб-гвардии полк
Тематический подзаголовок История
Системный номер авторитетной/нормативной записи 2207538
Идентификатор авторитетной/нормативной записи RU\NLR\AUTH\661326237
601 02 - НАИМЕНОВАНИЕ ОРГАНИЗАЦИИ КАК ПРЕДМЕТ
Начальный элемент ввода Собор Святой Живоначальной Троицы лейб-гвардии Измайловского полка
Идентифицирующий признак Санкт-Петербург, город
Формальный подзаголовок Документы и материалы
Системный номер авторитетной/нормативной записи 2580564
Идентификатор авторитетной/нормативной записи RU\NLR\AUTH\661525567
606 1# - НАИМЕНОВАНИЕ ТЕМЫ КАК ПРЕДМЕТ
Наименование темы Офицеры
Географический подзаголовок Россия
Хронологический подзаголовок 1812
Системный номер авторитетной/нормативной записи 2267910
Идентификатор авторитетной/нормативной записи RU\NLR\AUTH\661359440
606 1# - НАИМЕНОВАНИЕ ТЕМЫ КАК ПРЕДМЕТ
Наименование темы Духовенство православное
Формальный подзаголовок Документы и материалы
Географический подзаголовок Санкт-Петербургская губерния
Системный номер авторитетной/нормативной записи 2431519
Идентификатор авторитетной/нормативной записи RU\NLR\AUTH\6601665457
686 1# - ИНДЕКСЫ ДРУГИХ КЛАССИФИКАЦИЙ
Индекс Ц4,8(2)12г
686 2# - ИНДЕКСЫ ДРУГИХ КЛАССИФИКАЦИЙ
Индекс Э372.24-655.11,11
686 2# - ИНДЕКСЫ ДРУГИХ КЛАССИФИКАЦИЙ
Индекс Э372.24-63,11
700 #1 - ИМЯ ЛИЦА - ПЕРВИЧНАЯ ОТВЕТСТВЕННОСТЬ
Начальный элемент ввода Леонтьев
Часть имени, кроме начального элемента ввода Д. Б.
Даты 1970-
Расширение инициалов личного имени Дмитрий Борисович
712 02 - НАИМЕНОВАНИЕ ОРГАНИЗАЦИИ - ВТОРИЧНАЯ ОТВЕТСТВЕННОСТЬ
Код отношения Прочие
Начальный элемент ввода Измайловский лейб-гвардии полк
Системный номер авторитетной/нормативной записи 477501
Идентификатор авторитетной/нормативной записи RU\NLR\AUTH\889990843
942 ## - ДОПОЛНИТЕЛЬНЫЕ ЭЛЕМЕНТЫ ЗАПИСИ (АБИС)
Тип экземпляра АБИС Книга
980 ## - КОЛЛЕКЦИЯ
Название коллекции Национальная библиография

Нет доступных экземпляров.